Story Bible for young children. (Record no. 3447)

000 -LEADER
fixed length control field 00666nam a2200205 a 4500
001 - CONTROL NUMBER
control field :::00001178$&:&@@
003 - CONTROL NUMBER IDENTIFIER
control field OkBaRHE
005 - DATE AND TIME OF LATEST TRANSACTION
control field 20000607103242.0
008 - FIXED-LENGTH DATA ELEMENTS--GENERAL INFORMATION
fixed length control field s1978 j 000 0 eng u
020 ## - INTERNATIONAL STANDARD BOOK NUMBER
International Standard Book Number 088815531X
040 ## - CATALOGING SOURCE
Transcribing agency
040 ## - CATALOGING SOURCE
Original cataloging agency CaOONL
100 1# - MAIN ENTRY--PERSONAL NAME
Personal name DeVries, Anne, 1904-1964.
245 10 - TITLE STATEMENT
Title Story Bible for young children.
260 ## - PUBLICATION, DISTRIBUTION, ETC. (IMPRINT)
Place of publication, distribution, etc St. Catharines, Ontario, CAN., :
Name of publisher, distributor, etc Paideia Press
Date of publication, distribution, etc 1978
300 ## - PHYSICAL DESCRIPTION
Extent 254 p. : illus. ;
Dimensions 25 cm.
650 ## - SUBJECT ADDED ENTRY--TOPICAL TERM
Topical term or geographic name as entry element Bible Stories
General subdivision English
942 ## - ADDED ENTRY ELEMENTS (KOHA)
Source of classification or shelving scheme
Koha item type Books
Copies
Shelving location Date acquired Current Location Damaged status Koha item type Not for loan Permanent Location Date last seen Barcode Full call number Copy number Lost status Total Checkouts Price effective from Date checked out Withdrawn status Source of classification or shelving scheme
General Stacks2010-04-14RHEMA Bible Training College Books RHEMA Bible Training College2018-02-201178BS 551.2 .D51 12010-04-142010-11-05